Statistics for NBA All-Time Blocks by Position

Click here to take the quiz!

General Stats

  • This quiz has been taken 18 times
  • The average score is 5 of 12

Answer Stats

Position Answer % Correct
CMutombo
100%
COlajuwon
89%
PFGarnett
72%
PFDuncan
67%
SGBryant
50%
CAbdul-Jabbar
44%
PGWall
33%
SFRobinson
28%
PFNance
28%
SFKirilenko
11%
PGBrown
6%
SGSefolosha
0%

Score Distribution

Percentile by Number Answered

Percent of People with Each Score

Your Score History

You have not taken this quiz